L'architecture gothique, (Record no. 23101)
[ view plain ]
| 000 -LEADER | |
|---|---|
| fixed length control field | 00643cam a22002171 4500 |
| 001 - CONTROL NUMBER | |
| control field | f 01003484 |
| 003 - CONTROL NUMBER IDENTIFIER | |
| control field | DLC |
| 005 - DATE AND TIME OF LATEST TRANSACTION | |
| control field | 20260227111246.0 |
| 008 - FIXED-LENGTH DATA ELEMENTS--GENERAL INFORMATION | |
| fixed length control field | 761007s1891 fr a 000 0 fre |
| 010 ## - LIBRARY OF CONGRESS CONTROL NUMBER | |
| LC control number | f 01003484 |
| 035 ## - SYSTEM CONTROL NUMBER | |
| System control number | (OCoLC)2486748 |
| 040 ## - CATALOGING SOURCE | |
| Original cataloging agency | DLC |
| Transcribing agency | DCU |
| Modifying agency | DLC |
| 042 ## - AUTHENTICATION CODE | |
| Authentication code | premarc |
| 050 00 - LIBRARY OF CONGRESS CALL NUMBER | |
| Classification number | NA440 |
| Item number | .C8 |
| 100 1# - MAIN ENTRY--PERSONAL NAME | |
| Personal name | Corroyer, Édouard Jules, |
| Dates associated with a name | 1837?-1904. |
| 245 12 - TITLE STATEMENT | |
| Title | L'architecture gothique, |
| Statement of responsibility, etc. | par Édouard Corroyer. |
| 260 ## - PUBLICATION, DISTRIBUTION, ETC. | |
| Place of publication, distribution, etc. | Paris, |
| Name of publisher, distributor, etc. | Librairies-impr. réunies |
| Date of publication, distribution, etc. | [1891] |
| 300 ## - PHYSICAL DESCRIPTION | |
| Extent | 382 p., 1 l. |
| Other physical details | illus. |
| Dimensions | 21 cm. |
| 490 0# - SERIES STATEMENT | |
| Series statement | Bibliothèque de l'enseignement des beaux-arts |
| 650 #0 - SUBJECT ADDED ENTRY--TOPICAL TERM | |
| Topical term or geographic name entry element | Architecture, Gothic. |
No items available.